Insects and mites of crops in India (Record no. 59556)

MARC details
000 -LEADER
fixed length control field 00389nam a2200145Ia 4500
008 - FIXED-LENGTH DATA ELEMENTS--GENERAL INFORMATION
fixed length control field 230917s9999||||xx |||||||||||||| ||und||
040 ## - CATALOGING SOURCE
-- 236818
Original cataloging agency VIVEKANANDA LIBRARY
041 ## - Language
-- English
082 ## - DDC NUMBER
Classification number 595.7 N143I
100 ## - MAIN ENTRY--PERSONAL NAME
Personal name Nair, M R G K
245 #0 - TITLE STATEMENT
Title Insects and mites of crops in India
260 ## - PUBLICATION, DISTRIBUTION, ETC. (IMPRINT)
Place of publication, distribution, etc New Delhi
Name of publisher, distributor, etc Indian Council of Agricultural Research
Date of publication, distribution, etc 1975
300 ## - PHYSICAL DESCRIPTION
Pages v, 408 p.
942 ## - ADDED ENTRY ELEMENTS (KOHA)
Koha item type Books
Holdings
Withdrawn status Lost status Damaged status Not for loan Location (home branch) Sublocation or collection (holding branch) Date acquired Koha issues (times borrowed) Koha full call number Accession No. Koha date last seen Koha item type
        VIVEKANANDA LIBRARY VIVEKANANDA LIBRARY 23/12/2016   595.7 N143I 130366 17/09/2023 Books
        VIVEKANANDA LIBRARY VIVEKANANDA LIBRARY 23/12/2016   595.7 N143I 312669 17/09/2023 Books
© Designed and Maintained by Vivekananda Library, MDU Rohtak